Normal view MARC view
  • Buxó, José Pascual,

Entry Nombre Personal

Number of records used in: 5

001 - NUMERO DE CONTROL

  • campo de control: 45500

003 - IDENTIFICADOR DE NUMERO DE CONTROL

  • campo de control: DLC

005 - FECHA Y HORA DE LA ÜLTIMA TRANSACCIÓN

  • campo de control: 20220822092623.0

008 - DATOS DE LONGITUD FIJA

  • campo de control de longitud fija: 220822n| azannaabn |a aaa

010 ## - NÚMERO DE CONTROL DE LA BIBLIOTECA DEL CONGRESO

  • Número de control LC: n 82128930

035 ## - NUMERO DE CONTROL

  • Número de control: (OCoLC)oca00825223

040 ## - FUENTE DE CATALOGACIÓN

  • Agencia original de catalogación: DLC
  • Lenguaje de catalogación: spa
  • Description conventions: rda
  • Agencia de transcripción: DLC
  • Agencia que lo modifica: DLC
  • Agencia que lo modifica: OCoLC
  • Agencia que lo modifica: UPB
  • Agencia que lo modifica: DLC
  • Agencia que lo modifica: UPB
  • Agencia que lo modifica: MX-MxUPN

046 ## - FECHAS CON CODIFICACIÓN ESPECIAL

  • Fecha de nacimiento: 19310101

053 #0 - NÚMERO DE CLASIFICACIÓN LC

  • Número de clasificación elemento-número único o número inicial de tramo: PQ6666.A77

100 1# - ENCABEZAMIENTO - NOMBRE PERSONAL

  • Nombre personal: Buxó, José Pascual,
  • Fechas asociadas con el nombre: 1931-

370 ## - LUGAR ASOCIADO

  • Place of birth: San Felíu de Guixols (España)
  • Fuente del término: naf

375 ## - GÉNERO

  • Gender: masculino

377 ## - LENGUA ASOCIADA

  • Language code: spa

400 1# - VEÁSE - NOMBRE DE PERSONA

  • Personal name: Buxó, J. Pascual
  • Fuller form of name: (José Pascual),
  • Dates associated with a name: 1931-

400 1# - VEÁSE - NOMBRE DE PERSONA

  • Control subfield: nnaa
  • Personal name: Pascual Buxó, José

400 1# - VEÁSE - NOMBRE DE PERSONA

  • Personal name: Pascual Buxó, José,
  • Dates associated with a name: 1931-

670 ## - FUENTE EN LA QUE SE LOCALIZARON DATOS

  • Cita de la fuente: En su obra: Elegías, 1955.

670 ## - FUENTE EN LA QUE SE LOCALIZARON DATOS

  • Cita de la fuente: En su obra: La nueva poesía en el Zulia, 1966:
  • Información localizada: portada (J. Pascual Buxó)

670 ## - FUENTE EN LA QUE SE LOCALIZARON DATOS

  • Cita de la fuente: Dicc. Oxford de lit. española et hispanoameri.:
  • Información localizada: página 120 (Buxó, José Pascual; b. Sant Feliu de Guíxols, Spain, 1931)

670 ## - FUENTE EN LA QUE SE LOCALIZARON DATOS

  • Cita de la fuente: Encic. de México, 1987
  • Información localizada: (Buxó, José Pascual; b. 1/12/31)

670 ## - FUENTE EN LA QUE SE LOCALIZARON DATOS

  • Cita de la fuente: Index to Spanish-American collective biog., 1982
  • Información localizada: (Buxó, José Pascual)

670 ## - FUENTE EN LA QUE SE LOCALIZARON DATOS

  • Cita de la fuente: Libros en venta, 1964
  • Información localizada: (Buxó, José Pascual)

670 ## - FUENTE EN LA QUE SE LOCALIZARON DATOS

  • Cita de la fuente: Dicc. de escritores mex., 1967
  • Información localizada: (Pascual Buxó, José)

902 ## - CATALOGADOR

  • Catalogador: NDAF/220822